10 największych miast Polski - Statystyki

Ogólne statystyki
  • Ten quiz został rozwiązany 71 razy
  • Średni wynik to 9 z 10
Statystyki odpowiedzi
Ludność Miasto % Poprawnych
0,800 mln Kraków
100%
1,860 mln Warszawa
100%
0,486 mln Gdańsk
98%
0,673 mln Wrocław
98%
0,670 mln Łódź
95%
0,546 mln Poznań
95%
0,396 mln Szczecin
92%
0,294 mln Białystok
87%
0,334 mln Lublin
85%
0,337 mln Bydgoszcz
80%
Nie znaleziono quizów pasujących do podanych kryteriów
Rozkład punktacji
Procent ludzi z każdym wynikiem
Percentyl według liczby udzielonych odpowiedzi
Twoja historia wyników
Nie rozwiązałeś tego quizu